000 01014nam a22002537a 4500
005 20170124102944.0
010 _aA-443311
020 _c70.00
035 _aA-443311
037 _bCen Lib/Ret
040 _aDPL
_bHN
082 _a822
_bयुवा
245 _aयुवा मानस के एकांकी /
_cसंपादक गिरिराज शरण
246 _aYuva manas ke ekanki /
_bSampadak Giriraj Sharan
260 _aदिल्ली
_bप्रभात प्रकाशन
_c1990
270 _aचावडी बाज़ार
_bदिल्ली
_e110006
300 _a152पृ.
_c21सेमी(सजिल्द)
650 _aहिंदी साहित्य
_949178
650 _aहिंदी साहित्य -- नाटक
_949179
650 _aHindi literature
_949180
650 _aHindi literature -- Drama
_949181
700 _aशरण, गिरिराज
_943761
942 _2ddc
_cHN
_h822
_mयुवा
999 _c112785
_d112785